000 00563nam a2200157 i 4500
001 37737
003 ES-MaACL
007 t|
008 030221s1983 sp ||||1| spa d
100 1 _aCaballero Gea, José-Alfredo.
_933107
245 1 4 _aLas responsabilidades, penal y civil, dimanentesis del accidente de circulación
_b: síntesis... de sentencias... seguros : formularios /
_cJosé Alfredo Caballero Gea.
250 _a2ª ed. act. y ampl.
260 _aPamplona :
_bAranzadi,
_c1983.
300 _a731 p. ;
_c24 cm.
852 _aES-MaACL
_jL-7998
_bR.108312
999 _c37737
_d37737